Border Flags Combined Quiz Stats

 Plays Quiz Updated Apr 5, 2019

Score 0/20 Timer 05:00
2 Plays Today
% Correct
USA and Canada
96.7%
United Kingdom and Ireland
92.9%
Portugal and Spain
89.9%
Norway and Sweden
86.1%
Brazil and Colombia
84%
Argentina and Chile
81.4%
India and Nepal
68.8%
Germany and Denmark
66.4%
South Korea and North Korea
66.2%
Iran and Iraq
66%
% Correct
Switzerland and Liechtenstein
65.8%
Vietnam and China
65.4%
Bosnia and Herzegovina and Croatia
59%
North Macedonia and Kosovo
49.6%
South Africa and eSwatini
48.4%
Georgia and Armenia
48.3%
Niger and Nigeria
38.6%
Uganda and Rwanda
35.7%
Kazakhstan and Kyrgyzstan
35.4%
Djibouti and Somalia
28%

You're not logged in!

Compare scores with friends on all Sporcle quizzes.
OR
Log In

Sporcle TV

Today on Sporcle TV


Watch our educational content, quiz creation guides, and fun videos on Sporcle TV.

Show Comments

Extras

Top Quizzes Today


Score Distribution

Your Account Isn't Verified!

In order to create a playlist on Sporcle, you need to verify the email address you used during registration. Go to your Sporcle Settings to finish the process.

Report this User

Report this user for behavior that violates our Community Guidelines.

Details: